LEADER 00949nam0-2200325---450- 001 990009350900403321 005 20110429125708.0 035 $a000935090 035 $aFED01000935090 035 $a(Aleph)000935090FED01 035 $a000935090 100 $a20110429d1951----km-y0itay50------ba 101 0 $aeng 102 $aUS 105 $ay-------001yy 200 1 $a<>isocortex of man$fby Percival Bailey and Gerhardt von Bonin 210 $aUrbana$cUniversity of Illinois$d1951 215 $aXI, 301 p., [16] p. di tav.$cill$d27 cm 225 1 $aIllinois monographs in medical sciences$v6 610 0 $aCorteccia omogenetica 676 $a611.81 700 1$aBailey,$bPercival$0510916 701 1$aBonin,$bGerhardt von$0506264 801 0$aIT$bUNINA$gRICA$2UNIMARC 901 $aBK 912 $a990009350900403321 952 $aIIIa C 166$bs.i.$fDMVSF 959 $aDMVSF 996 $aIsocortex of man$9767620 997 $aUNINA LEADER 02676nam0-22004811i-450- 001 990000781950403321 005 20160606122011.0 012 $aa:t. s.n. madi CaCh (3) 1660 (A)$2fei$5IT-NA0107: RARI C 219 035 $a000078195 035 $aFED01000078195 035 $a(Aleph)000078195FED01 035 $a000078195 100 $a20020821d1660----km-y0itay50------ba 101 0 $aita$alat 102 $aIT 140 $aacf-cho-ega------le-bb------ 141 $aa--b-bb-$5IT-NA0107:-RARI-C-219------------------------------------------------------ 200 1 $aHistoria de' Sueui nel conquisto de' regni di Napoli, e di Sicilia per l'imperadore Enrico sesto. Con la vita del beato Giovanni Calà capitan generale che fù detto imperadore. Scritta da don Carlo Calà ... ; con l'aggiunta dell'opere d'antichissimi autori sopra la vita così secolare come ecclesiastica del medesimo beato 210 $aIn Napoli$cper Nouello de Bonis stampatore arcivescovale$d1660 215 $a[26], 358 [i.e. 360], [24] p., [2] c. di tav. doppie$cill. calc. : 1 ritr.$dfol. 300 $aSegn.: [pi greco]1+(chi)1 a-c4 A-2D4 2E2 2F-3B4 3C2 307 $aFregio sil. sul frontespizio 307 $aIniziali sil. decorate e finalini sil. 307 $aA c. [pigreco]2r ritratto calcografico a piena pagina del beato Giovanni Calà 307 $aTav. incise da Nicolas Perrey 307 $aCors. ; rom. 316 $5IT-NA0107: RARI C 219$a1 c. di guardia anteriore e una posteriore 517 1 $aHistoria de' Svevi nel conquisto de' regni di Napoli, e di Sicilia per l'imperadore Enrico sesto. Con la vita del beato Giovanni Calà capitan generale che fù detto imperadore. Scritta da don Carlo Calà ... 610 0 $aSvevi$aItalia meridonale$aStoria 610 0 $aCalà, Giovanni $aBiografie 620 $aItalia.$dNapoli 676 $a945.704$v22$zita 700 1$aCalà,$bCarlo$038708 702 1$aPerrey,$bNicolas$c 719 00$aDe Bonis,$gNovello$c<1.>$4650 801 0$aIT$bUNINA$gRICA$2UNIMARC 856 4 $zGoogle Books$uhttps://books.google.it/books?id=Le5_y4oJet0C&printsec=frontcover&hl=it&source=gbs_ge_summary_r&cad=0#v=onepage&q&f=false$e2016/06/06 901 $aAQ 912 $a990000781950403321 952 $aRARI C 219$b743$fFARBC 959 $aFARBC 996 $aHistoria de' Sueui nel conquisto de' regni di Napoli, e di Sicilia per l'imperadore Enrico sesto. Con la vita del beato Giovanni Calà capitan generale che fù detto imperadore. Scritta da don Carlo Calà ... ; con l'aggiunta dell'opere d'antichissimi autori sopra la vita così secolare come ecclesiastica del medesimo beato$9351037 997 $aUNINA LEADER 01661oam 2200481 450 001 9910704919103321 005 20140603125301.0 035 $a(CKB)5470000002446558 035 $a(OCoLC)865581454 035 $a(EXLCZ)995470000002446558 100 $a20131219d2013 ua 0 101 0 $aeng 135 $aurbn||||||||| 181 $2rdacontent 182 $2rdamedia 183 $2rdacarrier 200 13$aAn unclear roadmap $eBurma's fragile political reforms and growing ethnic strife : hearing before the Subcommittee on Asia and the Pacific of the Committee on Foreign Affairs, House of Representatives, One Hundred Thirteenth Congress, first session, September 19, 2013 210 1$aWashington :$cU.S. Government Printing Office,$d2013. 215 $a1 online resource (iii, 55 pages) 300 $aPaper version available for sale by the Superintendent of Documents, U.S. Government Printing Office 300 $aTitle from title screen (viewed on Dec. 19, 2013). 300 $a"September 19, 2013." 517 $aUnclear roadmap 606 $aMuslims$zBurma 606 $aHuman rights$zBurma 606 $aDemocratization$zBurma 607 $aBurma$xPolitics and government$y1988- 607 $aBurma$xEthnic relations 607 $aUnited States$xRelations$zBurma 607 $aBurma$xRelations$zUnited States 615 0$aMuslims 615 0$aHuman rights 615 0$aDemocratization 801 0$bGPO 801 1$bGPO 801 2$bGPO 801 2$bOCLCA 801 2$bDOS 801 2$bGPO 906 $aBOOK 912 $a9910704919103321 996 $aAn unclear roadmap$93481121 997 $aUNINA